El Mapa geològic i topogràfic de la província de Barcelona : la sèrie 1: 40000 (1888 - 1914) / E. Aragonès la sèrie 1:

per Aragonés i Valls, Enric

Descripció física: P. 115-280 : mapes, gràf. ; 24 cm

MARC

LEADER 00000nam a2200000Ia 4500
001 19445
008 160829s2005 xx 000 0 cat d
080 |a H-3-21 
100 |a Aragonés i Valls, Enric  |9 23682 
245 |a El Mapa geològic i topogràfic de la província de Barcelona :  |b  la sèrie 1:  |b 40000 (1888 - 1914) / E. Aragonès 
260 |a Barcelona :  |b Ajuntament de Barcelona :  |b Institut de Cultura,  |c 2005 
300 |a P. 115-280 :  |b  mapes, gràf. ;  |c 24 cm 
590 |a Separata de: Treballs del Museu de Geologia de Barcelona, núm. 13 (2005).  
590 |a Bibliografia.  
590 |a S'ha utilitzat el fons de l'Arxiu General de la Diputació de Barcelona 
650 |a Almera, Jaime  
650 |a Cartografia  |x Barcelona (Província)   |9 26737 
650 |a Barcelona (Província)  |x Història  |9 44557 
710 1 |a Barcelona (Catalunya).  |b Ajuntament  |9 50981 
710 2 |a Institut de Cultura (Barcelona, Catalunya)  |9 53422 
901 |a Arxiu 
942 |n 1 
952 |0 0  |1 0  |4 0  |6 H321  |7 1  |9 52004  |a Arxiu  |b Arxiu  |d 2016-12-01  |l 0  |o H-3-21  |p 19445  |r 2016-12-01 00:00:00  |w 2016-12-01  |y ARXIU 
999 |c 55852  |d 55852